Клинична алергология (Запис номер 56946)
[ съкратено ]
| 000 -Лидер | |
|---|---|
| Контролно поле с фиксирана дължина | 01504nam a2200325 c 4500 |
| 003 - Код на организацията, давaща контролен номер | |
| Контролно поле | BLK |
| 005 - Дата и час на последна редакция | |
| Контролно поле | 20180420222635.0 |
| 008 - Елементи от данни с фиксирана дължина | |
| fixed length control field | 180408b bul|||||r ||||||| ||bul|| |
| 010 ## - Наследен системен номер | |
| LC control number | KNG00060933000 |
| 040 ## - Източник на каталожния запис | |
| Идентификатор на билиотеката - собственик на записа | BLK |
| 041 ## - Код за език | |
| Код за езика на текст/звукозапис или на отделно заглавие | Български |
| Код за езика КДБФ | Български |
| 080 ## - УДК | |
| Текстов определител УДК | Патология. Клинична медицина |
| УДК код - определител по УДК | 616 |
| УДК определител | -056 |
| УДК - код + определител | 616-056 |
| 100 1# - Редна дума - Автор | |
| Автор | Божков, Божко Митев |
| Авторска отговорност | първи автор |
| R(LIN) | 247298 |
| 139 ## - Редно поле | |
| Редна дума | Клинична алергология |
| Авторски знак | Клин - К 65 |
| 245 10 - Сведения за заглавието | |
| Заглавие | Клинична алергология |
| Подзаглавни данни | Моногр. |
| Редно поле (дума) | Божко Митев Божков; ред. Георги Костурков. |
| 257 ## - Страна на издаване | |
| Страна на създаване/издаване | България |
| 260 ## - Област на издателските данни | |
| -- | София |
| Име на издателя, разпространителя и проч. | Медицина и физкултура |
| Година на издаване | 1986 |
| 300 ## - Физическа характеристика | |
| Страници | 455 с. |
| Размери/Мащаб | 25 см |
| 380 ## - Жанр | |
| Жанр | Медицина |
| 500 ## - Общи забележки | |
| Забележка | Други авт. : К. Г. Гайтанджиев, В. Д. Димитров, Г. Б. Костурков, Ж. А. Милева, Б. Т. Мустаков, С. П. Славов, М. П. Станева-Стоянова, отбелязани на с. 5. - 4 313 тир. - Библиогр. след отд. разд. ; Предм. показалец. |
| 650 #4 - Допълнително описание по предмет – тема | |
| Основно описание – тема или топоним | Алергия и алергични болести |
| 9 (RLIN) | 258816 |
| 653 ## - Ключова дума – ненормативна | |
| Ключова дума | алергии |
| 653 ## - Ключова дума – ненормативна | |
| Ключова дума | алергични болести |
| 700 1# - Други автори (авторска отговорност) | |
| Лично име | Костурков, Георги |
| Автороска отговорност (Описва отношението между автора и произведението) | ред. |
| 9 (RLIN) | 287227 |
| 852 ## - Местоположение | |
| Форматна сигнатура | Цб 144700 |
| 856 4# - Електронен адрес и достъп | |
| Електронен формат | pdf - файл |
| Път до файла /url/ | |
| 856 4# - Електронен адрес и достъп | |
| Електронен формат | pdf - файл |
| Път до файла /url/ | |
| 942 ## - АРТИКУЛИ | |
| Вид на библиотечния материал | Книги |
| Скрит в OPAC | Не |
| 944 ## - СЪЗДАВАНЕ И РЕДАКЦИЯ на ЗАПИСА | |
| Създаване/Редакция | Създаване |
| Дата на регистрацията/редакция | 13.06.2004 |
| Статус, дата на статуса | ф / |
| Служител, извършил регистрацията/редакцията | Валя_Йорданова |
| 944 ## - СЪЗДАВАНЕ И РЕДАКЦИЯ на ЗАПИСА | |
| Създаване/Редакция | Редакция |
| Дата на регистрацията/редакция | 13.10.2011 |
| Статус, дата на статуса | ф / |
| Служител, извършил регистрацията/редакцията | |
| 999 ## - СИСТЕМНИ КОНТРОЛНИ НОМЕРА | |
| Koha biblionumber | 56946 |
| Koha biblioitemnumber | 56946 |
| Код за отписване | Код за изгубен артикул | Източник на класификационната схема | Код за повреда | Коз за рестрикции | Код за отдаване | Артикулен № | Име на библиотеката - собственик | Име на библиотеката, в която се намира в момента | Статус (Текущо местоположение) | Дата на вписване в системата | Местоположение - отдел | Цена в лева | Инвентарен номер | Систематично азбучна сигнатура | Баркод | Номер на екземпляра | Цена в евро | Служебна бележка | Служебен тип на артикула |
|---|---|---|---|---|---|---|---|---|---|---|---|---|---|---|---|---|---|---|---|
| Не е изгубен | Universal Decimal Classification | Не е повреден | без рестрикции | ползва се в читалня | 91339 | Регионална библиотека "Любен Каравелов" Русе | Регионална библиотека "Любен Каравелов" Русе | Читалня | 1993-01-01 | Читалня | 6.21 | 469987 | Ч 616/К 65 | 120000469987 | 1 | 3.18 | Дост: Pk Вид: Ф N: стар фонд Дата: 01.01.1986 Дата инв: 17.03.2017 Бележки инв: Ч2017 | Книги | |
| Не е изгубен | Universal Decimal Classification | Не е повреден | без рестрикции | ползва се в читалня | 91340 | Регионална библиотека "Любен Каравелов" Русе | Регионална библиотека "Любен Каравелов" Русе | Хранилище | 1986-01-01 | Хранилище | 6.21 | 459253 | Цб 144700 | 120000459253 | 2 | 3.18 | Дост: Dp Вид: Д N: стар фонд Дата: 01.01.1986 | Книги | |
| Изтеглен | Не е изгубен | Universal Decimal Classification | Не е повреден | без рестрикции | заемане за дома | 91341 | Регионална библиотека "Любен Каравелов" Русе | Регионална библиотека "Любен Каравелов" Русе | Заемна - подръчен фонд | 1986-01-01 | Заемна - подръчен фонд | 6.21 | 503190 | П 616/К 65 | 503190 | 3 | 3.18 | Дост: Pk Вид: Ф N: стар фонд Дата: 01.01.1986 | Книги |